| 000 | 00467nam a2200157Ia 4500 | ||
|---|---|---|---|
| 999 |
_c22669 _d22669 |
||
| 082 | _aTB.0117 | ||
| 100 | _aBarua, S.K. | ||
| 245 | 0 | _aValuation of securities and influence of value on financial decisions of a firm | |
| 260 |
_c1980 _bIndian Institute of Management, Ahmedabad |
||
| 300 | _a95 | ||
| 650 |
_aBusiness enterprises _zIndia |
||
| 650 |
_aBusiness enterprises _vFinance |
||
| 650 |
_aSecurities _zIndia |
||
| 710 | _aGovindarajan, V. | ||
| 942 |
_cTH _2ddc |
||